| 000 | 00858nas a2200277 4500 | ||
|---|---|---|---|
| 001 | BR2012003565 | ||
| 003 | BR-BrBNA | ||
| 005 | 20231205120601.0 | ||
| 007 | ta | ||
| 008 | 230509b bl.|||p| |||| 00| 00por d | ||
| 040 |
_aBR-BrBNA _bpor _cBiblioteca Nacional de Agricultura |
||
| 041 | _a(Pt) | ||
| 072 | _aK10 | ||
| 100 | 1 | _aSchneider, P.S.P. | |
| 100 | 1 | _aScheeren, L.W. | |
| 100 | 1 | _aSchneider, P.R. | |
| 100 | 1 | _aFinger, C.A.G. | |
| 245 | 1 | _aCrescimento da Cordia trichotoma (Vell.)Arrab. Ex Steud., na depressão central do estado do Rio Grande do Sul | |
| 650 | _aDENDROLOGIA | ||
| 650 | _aCRESCIMENTO | ||
| 650 | _aLOURO PARDO | ||
| 650 | _aÁRVORE ANGIOSPERMA | ||
| 773 | 0 |
_tFloresta e Ambiente (Brazil) _xISSN 1415-0980 _g(2006), v. 13(1) p. 26-33 _wBR2012003565 |
|
| 909 |
_a202311 _bLúcia _c55 _dLúcia Elande |
||
| 942 |
_2AGRIS _n0 _cANA |
||
| 999 |
_c219257 _d219257 |
||